000 00896cab a2200265 4500
001 ABS52988
008 090401t1995 xxu||||| |||| 00| 0 eng d
035 _a(Sirsi) u1225
041 _aeng
100 _aNicholson, J.
245 4 _aThe great bay window disaster
260 _c1995
350 _a0
490 _aBuilding Engineer
_v70(5) June 1995, 8-10(3)
520 _aReports on the lack of adequate reinforcement used in the replacement of uPVC bay windows, creating the potential for structural damage. Provides a checklist of defects and advice on reinforcement.
650 _aBAY WINDOW
650 _aBUILDING DEFECTS
650 _aREINFORCEMENT
650 _aSTRUCTURAL FAILURES
650 _aBUILT ENVIRONMENT-BUILDING SURVEYING-STRUCTURAL SURVEYING
650 _aWINDOWS
690 _aBUILDING AND CONSTRUCTION-DEFECTS AND FAILURES
942 _n0
948 _c04/03/1997
999 _c668
_d668